000
00207 a2200097 4500
001
45709
100
_a
245
_a
Encyclopedia of world art
260
_a
New York
_b
McGraw-Hill
_c
090
_c
28874
_d
28874
942
_a
NUST-CAE
_c
M
_c
20973
999
_c
280782
_d
280782